| 000 | 00445nam a2200181Ia 4500 | ||
|---|---|---|---|
| 001 | 1738 | ||
| 005 | 20260306143750.0 | ||
| 008 | 260306t1962||||xx |||||||||||||| ||spa|| | ||
| 041 | _aESP | ||
| 082 |
_a155.28 _bK68 |
||
| 100 |
_aKoch, Karl _eAUT |
||
| 245 | 0 |
_aEl test del árbol: _bel dibujo del árbol como medio psicodiagnóstico auxiliar |
|
| 260 | _c1962 | ||
| 300 |
_a _c |
||
| 650 | _aGEN | ||
| 654 | _aCPS | ||
| 942 |
_cLIB _dJUS _fJUS _2ddc _n |
||
| 999 |
_c1738 _d1738 |
||